00638nam a2200157 i 450000100060000000300090000600700030001500800410001810000250005924502400008425000120032426000650033630000280040170000300042985200210045952017ES-MaACLt|030822s1936 sp ||||1| spa d1 aChiovenda, Giuseppe.10aInstituciones de derecho procesal civil b: . Volumen I: Conceptos fundamentales ; la doctrina de las acciones / cGiuseppe Chiovenda ; traducción de la segunda edición italiana y notas de derecho español por E. Gómez Orbaneja. a1ª ed. aMadrid : bRevista de Derecho Privado, c1936 (fGalo Sèz) aXXIV, 452 p. ; c23 cm.1 aGómez Orbaneja, Emilio. aES-MaACLjC-7051